000 01129 a2200181 4500
020 _a0435451286 (ring-bound)
020 _a9780435451288 (ring-bound)
090 _c5304
_d5304
100 1 _aWarrilow, Val.
245 1 0 _aBusiness administration :
_bsimulated work activities nvq level 1 /
_cVal Warrilow, Carol Carysforth.
250 _a2nd ed.
260 _a[S.l.] :
_bHeinemann Educational Publishers,
_c1994.
300 _a192 p.
520 _aThis photocopiable resource pack meets the current NVQ Assessment and Perfomance Criteria for Level 1. The simulations cover all the madatory and optional units in a real work place situation. All the tasks include the scene-setting, information and documentation as well as lists of equipment needed, ready-made interruptions and record-keeping checklists. Ideas are provided for giving students further opportunities to demonstrate competence and full instructions for students on how to set up and maintain a portfolio.
700 1 _aCarysforth, Carol.
856 4 0 _3Amazon.com
_uhttp://www.amazon.com/exec/obidos/ASIN/0435451286/chopaconline-20
942 _aNBS
_cBK
_k658 WAR
999 _c347717
_d347717